Vereinslegenden der Bundesliga ab 2000 #2 - Statistiken

Allgemein
  • Dieses Quiz wurde 229 mal gespielt
  • Das Durchschnittsergebnis liegt bei 7 aus 15
Antwortstatistiken
Hint Antwort % Korrekt
Seit der Jugend für den Rekordmeister aktiv Thomas Müller
96%
Ob beim Pokern oder bei 6 verschiedenen Bundesligisten, er hatte immer Lust zu Spielen Max Kruse
74%
Von Abstieg bis Europa League, er hat wirklich alles mit dem FC mitgemacht Jonas Hector
70%
Legende für München und Bremen. Einmalig! Claudio Pizarro
69%
Konnte sich bei den Bayern nicht durchsetzen, bei 96 verbrachte er hingegen 7 Jahre Jan Schlaudraff
62%
Gesicht der Freiburger Mannschaft Christian Günter
61%
Mit über 250 Spielen für die Ostberliner ist er jetzt schon eine Vereinslegende Christopher Trimmel
47%
Mit "nur" 29 Jahren beendete er seine Karriere bei den Hanseaten Marcell Jansen
44%
68 Buden in 194 Spielen für die Fortuna sprechen für diese Legende Rouwen Hennings
39%
Meister mit den Schwarzgelben, verließ sie 2011 Dédé
36%
Aus dem Saarland gekommen, bis heute bei den Fohlen geblieben Patrick Hermann
36%
Gebürtiger Pole, spielte sich in die Herzen der Bochumer Fans Dariusz Wosz
25%
Ehemaliger Mittelfeldspieler und eine absolute Legende am Millerntor Fabian Boll
12%
Insgesamt 8 Jahre als Verteidiger für das Kleeblatt, inklusive der Aufstieg 2012 Thomas Kleine
5%
Zog mit Aachen ins DFB-Pokal Finale und in den Uefa-Cup Stephan Straub
1%
Keine übereinstimmenden Quizze gefunden
Verteilung der Resultate
Anzahl Personen mit jedem Resultat
Perzentil nach korrekt beantworteten Fragen
Ihre Resultats-Entwicklung
Sie haben dieses Quiz noch nicht gespielt